00254nam a22000977a 4500082001400000100001400014245003800028260005500066300000800121650002700129 a297.4 LEW aLewis, P. aPirs, Shrines and Pakistani Islam aRawalpindi, PakistanbChristian Study Centrec1985 a108 aShrines-Islam-Pakistan